Multinational resilience or dispensable jobs? German FDI and employment in the Czech republic around the Great recession
Skúmanie zamestnanosti vo firmách s nemeckým vlastníctvom pôsobiacich v Česku v rokoch 2008/09. Porovnanie výsledkov firiem v českom a nemeckom vlastníctve.
Salvato in:
| Autore principale: | |
|---|---|
| Altri autori: | , |
| Natura: | Capitolo di libro |
| Lingua: | inglese |
| Soggetti: | |
| Tags: |
Nessun Tag, puoi essere il primo ad aggiungerne!!
|
MARC
| LEADER | 00000naa a2200000 4500 | ||
|---|---|---|---|
| 001 | 0234365 | ||
| 005 | 20220805080031.3 | ||
| 041 | 0 | |a eng | |
| 044 | |a CZ | ||
| 245 | 1 | 0 | |a Multinational resilience or dispensable jobs? German FDI and employment in the Czech republic around the Great recession |c Michael Moritz, Bastian Stockinger, Merlind Trepesch |
| 520 | |a Skúmanie zamestnanosti vo firmách s nemeckým vlastníctvom pôsobiacich v Česku v rokoch 2008/09. Porovnanie výsledkov firiem v českom a nemeckom vlastníctve. | ||
| 610 | 2 | 0 | |a Česko |
| 610 | 2 | 0 | |a Nemecko |
| 610 | 2 | 0 | |a volatilita |
| 610 | 2 | 0 | |a zamestnanosť |
| 610 | 2 | 0 | |a spoločnosti nadnárodné |
| 610 | 2 | 0 | |a kríza hospodárska |
| 100 | 1 | |a Moritz, Michael | |
| 700 | 1 | |a Stockinger, Bastian | |
| 700 | 1 | |a Trepesch, Merlind | |